Sports Quiz

Random Sports or NFL Quiz
Score 0/215 Timer 20:00
0 Plays Today
Team Player % Correct
Arizona CardinalsKyler Murray
92.3%
Atlanta FalconsJulio Jones
90.6%
New Orleans SaintsLatavius Murray
90.6%
Green Bay PackersAaron Jones
90.4%
New York GiantsDaniel Jones
90.4%
Detroit LionsMarvin Jones
90.2%
Tampa Bay BuccaneersRonald Jones
90.2%
Atlanta FalconsDeion Jones
90.2%
New York GiantsTJ Jones
90.1%
Atlanta FalconsMatt Ryan
89.6%
Arizona CardinalsDavid Johnson
88.3%
Detroit LionsKerryon Johnson
87.4%
Arizona CardinalsKeesean Johnson
87.2%
Minnesota VikingsBisi Johnson
87.2%
Green Bay PackersAaron Rodgers
85.4%
Dallas CowboysDak Prescott
84%
New Orleans SaintsDrew Brees
82.6%
Los Angeles RamsJared Goff
81.8%
Minnesota VikingsKirk Cousins
81.4%
Philadelphia EaglesCarson Wentz
81.4%
Dallas CowboysEzekiel Elliott
81.3%
Chicago BearsMitchell Trubisky
81%
Seattle SeahawksRussell Wilson
81%
San Francisco 49ersJeff Wilson
80.6%
Arizona CardinalsLarry Fitzgerald
80.3%
New Orleans SaintsMichael Thomas
79%
Carolina PanthersIan Thomas
79%
Atlanta FalconsBrian Hill
78.9%
Detroit LionsLogan Thomas
78.7%
New Orleans SaintsTaysom Hill
78.6%
New Orleans SaintsJosh Hill
78.6%
Minnesota VikingsDalvin Cook
78.4%
Atlanta FalconsDevonta Freeman
78.2%
Los Angeles RamsTodd Gurley
78.1%
New Orleans SaintsJared Cook
78.1%
New York GiantsSaquon Barkley
77.9%
Carolina PanthersKyle Allen
77.8%
New York GiantsJavorius Allen
77.4%
Carolina PanthersChristian McCaffrey
77.1%
Dallas CowboysAmari Cooper
77%
Arizona CardinalsPharoh Cooper
76.8%
Green Bay PackersDavante Adams
76.6%
Dallas CowboysDevin Smith
75.8%
Tampa Bay BuccaneersJameis Winston
75.8%
Atlanta FalconsIto Smith
75.7%
Minnesota VikingsIrv Smith
75.7%
New Orleans SaintsTre'Quan Smith
75.7%
New York GiantsKaden Smith
75.7%
New Orleans SaintsAlvin Kamara
74.2%
Minnesota VikingsStefon Diggs
73.4%
Seattle SeahawksQuandre Diggs
73.1%
Dallas CowboysJason Witten
70.7%
Philadelphia EaglesZach Ertz
70.6%
Tampa Bay BuccaneersMike Evans
70.1%
Los Angeles RamsCooper Kupp
69.9%
Philadelphia EaglesJordan Howard
69.9%
Los Angeles RamsMarcus Peters
69.8%
San Francisco 49ersTevin Coleman
69.8%
Tampa Bay BuccaneersOJ Howard
69.8%
Arizona CardinalsKenyan Drake
69.3%
Green Bay PackersJimmy Graham
69.3%
Minnesota VikingsAdam Thielen
69.3%
San Francisco 49ersGeorge Kittle
68.8%
Atlanta FalconsJaeden Graham
68.6%
Philadelphia EaglesMiles Sanders
68%
San Francisco 49ersEmmanuel Sanders
67.8%
Green Bay PackersJamaal Williams
67.5%
Carolina PanthersGreg Olsen
67.4%
New Orleans SaintsMarcus Williams
67.4%
Arizona CardinalsMaxx Williams
67.2%
Los Angeles RamsDarious Williams
67.2%
Chicago BearsAllen Robinson
65.9%
Team Player % Correct
Philadelphia EaglesDeSean Jackson
65.9%
Seattle SeahawksChris Carson
65.8%
Washington RedskinsAdrian Peterson
65.8%
San Francisco 49ersDeebo Samuel
65.3%
Carolina PanthersCurtis Samuel
65.1%
Minnesota VikingsKyle Rudolph
64.8%
San Francisco 49ersJimmy Garoppolo
64.6%
Atlanta FalconsCalvin Ridley
64.5%
Carolina PanthersDJ Moore
63.5%
Atlanta FalconsAustin Hooper
63.2%
Chicago BearsTarik Cohen
63.2%
Seattle SeahawksDavid Moore
63.2%
Seattle SeahawksTyler Lockett
62.9%
Los Angeles RamsRobert Woods
62.7%
Tampa Bay BuccaneersChris Godwin
62.7%
Los Angeles RamsBrandin Cooks
61.8%
Dallas CowboysMichael Gallup
61.4%
Detroit LionsKenny Golladay
61.1%
Seattle SeahawksMarshawn Lynch
60.2%
Los Angeles RamsMalcolm Brown
60%
Seattle SeahawksJaron Brown
60%
San Francisco 49ersRaheem Mostert
59.7%
Seattle SeahawksDK Metcalf
58.4%
Chicago BearsDavid Montgomery
58.1%
Philadelphia EaglesAlshon Jeffery
57.9%
Washington RedskinsCase Keenum
57.8%
Arizona CardinalsChristian Kirk
54.6%
San Francisco 49ersMatt Breida
54.4%
Dallas CowboysRandall Cobb
53.4%
New York GiantsGolden Tate
53.4%
New York GiantsEvan Engram
51.7%
New York GiantsSterling Shepard
51.5%
Seattle SeahawksRashaad Penny
51.5%
New York GiantsElijhaa Penny
51.4%
Washington RedskinsVernon Davis
50.9%
Washington RedskinsTerry McLaurin
50.1%
Philadelphia EaglesDallas Goedert
49.8%
Philadelphia EaglesNelson Agholor
48.8%
Dallas CowboysTony Pollard
47.8%
Detroit LionsDavid Blough
47.5%
Tampa Bay BuccaneersPeyton Barber
46.6%
New York GiantsDarius Slayton
46.2%
San Francisco 49ersRichard Sherman
46.2%
Chicago BearsAnthony Miller
46.2%
Los Angeles RamsTyler Higbee
46.1%
Tampa Bay BuccaneersScotty Miller
45.9%
Washington RedskinsDerrius Guice
45.8%
Green Bay PackersAllen Lazard
44.3%
Minnesota VikingsAlexander Mattison
44%
Los Angeles RamsGerald Everett
42.6%
Green Bay PackersGeronimo Allison
41.4%
Philadelphia EaglesBoston Scott
41.4%
Tampa Bay BuccaneersCameron Brate
41.4%
New Orleans SaintsTed Ginn
41.1%
Atlanta FalconsMohamed Sanu
40.2%
Chicago BearsTaylor Gabriel
40%
Tampa Bay BuccaneersDevin White
39%
Arizona CardinalsChase Edmonds
38.2%
Green Bay PackersMarquez Valdes-Scantling
37.9%
Detroit LionsTJ Hockenson
37.8%
Seattle SeahawksJadeveon Clowney
37.8%
Tampa Bay BuccaneersBreshad Perriman
36.2%
Detroit LionsJeff Driskel
36%
San Francisco 49ersDJ Reed
36%
Seattle SeahawksWill Dissly
35.5%
Seattle SeahawksJacob Hollister
34.9%
Philadelphia EaglesGreg Ward
33.9%
New York GiantsWayne Gallman
33.3%
Dallas CowboysBlake Jarwin
32.5%
Green Bay PackersMarcedes Lewis
31.4%
Dallas CowboysJourdan Lewis
31.2%
Los Angeles RamsJosh Reynolds
31.2%
Team Player % Correct
Minnesota VikingsAnthony Harris
30.7%
Minnesota VikingsCJ Ham
30.6%
New Orleans SaintsDeonte Harris
30.4%
San Francisco 49ersMarquise Goodwin
30.2%
Arizona CardinalsAndy Isabella
29.8%
San Francisco 49ersKendrick Bourne
29.3%
Minnesota VikingsMike Boone
29.3%
Dallas CowboysTavon Austin
27.5%
Tampa Bay BuccaneersNdamukong Suh
27.4%
San Francisco 49ersDante Pettis
26.9%
San Francisco 49ersKyle Juszczyk
26.6%
Minnesota VikingsLaquon Treadwell
26.2%
San Francisco 49ersDeforest Buckner
26.1%
Detroit LionsBo Scarbrough
24.8%
Washington RedskinsPaul Richardson
24.6%
Arizona CardinalsCharles Clay
24.6%
Seattle SeahawksCJ Prosise
24.3%
Los Angeles RamsDante Fowler
24.2%
Washington RedskinsSteven Sims
23.2%
Philadelphia EaglesJJ Arcega-Whiteside
22.4%
Detroit LionsDanny Amendola
22.2%
San Francisco 49ersFred Warner
22.1%
San Francisco 49ersRichie James
21.4%
Minnesota VikingsAmeer Abdullah
21%
New Orleans SaintsVonn Bell
20.6%
Carolina PanthersBrian Burns
19.7%
Green Bay PackersJake Kumerow
18.9%
Atlanta FalconsRussell Gage
18.1%
New York GiantsJabrill Peppers
17.6%
Washington RedskinsTrey Quinn
17%
Detroit LionsJD McKissic
16.5%
Tampa Bay BuccaneersVita Vea
16.2%
Chicago BearsCordarrelle Patterson
15.7%
New York GiantsRhett Ellison
15%
Philadelphia EaglesNigel Bradham
14.9%
Chicago BearsHaha Clinton-Dix
14.6%
Detroit LionsMarvin Hall
14.4%
Atlanta FalconsQadree Ollison
14.2%
Washington RedskinsJeremy Sprinkle
14.2%
Tampa Bay BuccaneersJustin Watson
14.2%
Seattle SeahawksMalik Turner
13.9%
New York GiantsCody Latimer
13.6%
Dallas CowboysVentell Bryant
13.1%
Carolina PanthersAlex Armah
12.6%
San Francisco 49ersRyan Dwelley
12.3%
Arizona CardinalsDamiere Byrd
12.2%
Los Angeles RamsTaylor Rapp
11.8%
Green Bay PackersRobert Tonyan
11.8%
Carolina PanthersReggie Bonnafon
11.7%
San Francisco 49ersAhkello Witherspoon
11.7%
Tampa Bay BuccaneersDare Ogunbowale
11.7%
Philadelphia EaglesJosh Perkins
11.7%
New Orleans SaintsAJ Klein
10.9%
Arizona CardinalsDan Arnold
10.7%
Philadelphia EaglesNate Gerry
9.9%
Chicago BearsJavon Wims
9.1%
New York GiantsMarkus Golden
8.5%
Philadelphia EaglesOrlando Scandrick
8.3%
Atlanta FalconsOlamide Zaccheaus
7.7%
Tampa Bay BuccaneersSean Murphy-Bunting
7.7%
Chicago BearsBen Braunecker
7.5%
Detroit LionsDevon Kennard
7.5%
Tampa Bay BuccaneersVernon Hargreaves
7.4%
Detroit LionsWes Hills
7.2%
Seattle SeahawksNick Bellore
6.6%
Detroit LionsJamal Agnew
6.2%
Atlanta FalconsKenjon Barner
6.1%
Minnesota VikingsIfeadi Odenigbo
5.8%
Atlanta FalconsTy Sambrailo
5.4%
Chicago BearsJesper Horsted
5.1%
Washington RedskinsHale Hentges
3.5%
Remove Ads.
Support Sporcle.
Get the best of Sporcle when you Go Orange. This ad-free experience offers more features, more stats, and more fun while also helping to support Sporcle. Thank you for becoming a member.

You're not logged in!

Compare scores with friends on all Sporcle quizzes.
OR
Log In

Sporcle TV

Today on Sporcle TV


Watch our educational content, quiz creation guides, and fun videos on Sporcle TV.

Show Comments

Extras

Top Quizzes Today


Score Distribution

Paid Content

Your Account Isn't Verified!

In order to create a playlist on Sporcle, you need to verify the email address you used during registration. Go to your Sporcle Settings to finish the process.

Report this User

Report this user for behavior that violates our Community Guidelines.

Details: